[Event "Chess Week in Przeworsk"]
[Site "Przeworsk"]
[Date "2022.06.05"]
[Round "7.1"]
[White "Baum, Jonasz"]
[Black "Stefansson, Hannes"]
[Result "1-0"]
[BlackElo "2534"]
[WhiteElo "2409"]
[LiveChessVersion "1.4.8"]

1. d4 {[%clk 1:30:58]} Nf6 {[%clk 1:30:44]} 2. c4 {[%clk 1:31:21]} e6
{[%clk 1:31:03]} 3. Nf3 {[%clk 1:31:46]} b6 {[%clk 1:30:53]} 4. g3
{[%clk 1:30:02]} Ba6 {[%clk 1:30:50]} 5. Qc2 {[%clk 1:29:13]} Bb7
{[%clk 1:29:08]} 6. Bg2 {[%clk 1:29:08]} c5 {[%clk 1:28:49]} 7. d5
{[%clk 1:29:16]} exd5 {[%clk 1:29:04]} 8. O-O {[%clk 1:29:24]} Be7
{[%clk 1:19:23]} 9. Nh4 {[%clk 1:28:43]} O-O {[%clk 1:15:00]} 10. Nc3
{[%clk 1:18:03]} b5 {[%clk 1:06:59]} 11. cxd5 {[%clk 0:56:04]} b4
{[%clk 1:05:11]} 12. d6 {[%clk 0:47:13]} Bxg2 {[%clk 1:05:23]} 13. dxe7
{[%clk 0:47:24]} Qxe7 {[%clk 1:05:46]} 14. Nxg2 {[%clk 0:45:37]} bxc3
{[%clk 1:06:09]} 15. Qxc3 {[%clk 0:45:23]} Qxe2 {[%clk 1:04:53]} 16. Qxc5
{[%clk 0:44:41]} Nc6 {[%clk 1:03:23]} 17. Re1 {[%clk 0:42:42]} Qg4
{[%clk 1:01:36]} 18. Bf4 {[%clk 0:31:45]} h6 {[%clk 0:51:38]} 19. b4
{[%clk 0:23:20]} Rfc8 {[%clk 0:48:28]} 20. Qd6 {[%clk 0:20:27]} Rab8
{[%clk 0:44:32]} 21. Rac1 {[%clk 0:15:26]} Rb5 {[%clk 0:38:48]} 22. a4
{[%clk 0:14:08]} Rd5 {[%clk 0:16:37]} 23. Ne3 {[%clk 0:14:25]} Qh3
{[%clk 0:16:18]} 24. Nxd5 {[%clk 0:11:00]} Ng4 {[%clk 0:16:43]} 25. Qc5
{[%clk 0:09:54]} d6 {[%clk 0:15:18]} 26. Bxd6 {[%clk 0:09:44]} Rd8
{[%clk 0:12:37]} 27. Rc4 {[%clk 0:07:59]} Qxh2+ {[%clk 0:06:04]} 28. Kf1
{[%clk 0:08:28]} Nxf2 {[%clk 0:05:17]} 29. Qxc6 {[%clk 0:06:08]} Rxd6
{[%clk 0:02:41]} 1-0

[Event "Chess Week in Przeworsk"]
[Site "Przeworsk"]
[Date "2022.06.05"]
[Round "7.2"]
[White "Mikrut, Dariusz"]
[Black "Licznerski, Lukasz"]
[Result "0-1"]
[BlackElo "2439"]
[WhiteElo "2361"]
[LiveChessVersion "1.4.8"]

1. d4 Nf6 {[%clk 1:25:48]} 2. c4 {[%clk 1:31:11]} g6 {[%clk 1:26:16]} 3. Nc3
{[%clk 1:31:36]} d5 {[%clk 1:26:39]} 4. Nf3 {[%clk 1:31:42]} Bg7 {[%clk 1:26:58]}
5. Qb3 {[%clk 1:31:32]} dxc4 {[%clk 1:26:23]} 6. Qxc4 {[%clk 1:31:35]} O-O
{[%clk 1:24:00]} 7. e4 {[%clk 1:31:51]} Nfd7 {[%clk 1:24:17]} 8. Be3
{[%clk 1:30:44]} Nb6 {[%clk 1:22:01]} 9. Qb3 {[%clk 1:30:35]} Nc6
{[%clk 1:16:07]} 10. O-O-O {[%clk 1:15:41]} a5 {[%clk 1:07:59]} 11. d5
{[%clk 1:04:18]} a4 {[%clk 1:08:02]} 12. Qa3 {[%clk 1:04:37]} Ne5
{[%clk 1:05:18]} 13. Nxe5 {[%clk 0:57:45]} Bxe5 {[%clk 1:05:43]} 14. Nb5
{[%clk 0:47:25]} Bd7 {[%clk 1:02:59]} 15. f4 {[%clk 0:47:28]} Bg7
{[%clk 1:00:26]} 16. Qc5 {[%clk 0:36:22]} Bg4 {[%clk 0:31:12]} 17. Rd2
{[%clk 0:35:36]} a3 {[%clk 0:27:46]} 18. b3 {[%clk 0:28:42]} Nd7 {[%clk 0:27:29]}
19. Qc4 {[%clk 0:25:40]} c6 {[%clk 0:25:25]} 20. dxc6 {[%clk 0:24:05]} bxc6
{[%clk 0:25:51]} 21. Nd4 {[%clk 0:20:15]} Rc8 {[%clk 0:25:55]} 22. h3
{[%clk 0:11:20]} c5 {[%clk 0:26:20]} 23. Nc6 {[%clk 0:11:30]} Rxc6
{[%clk 0:26:12]} 24. hxg4 {[%clk 0:11:56]} Qc7 {[%clk 0:24:58]} 25. Qc2
{[%clk 0:10:43]} Bd4 {[%clk 0:23:42]} 26. Rh3 {[%clk 0:08:33]} Bxe3
{[%clk 0:23:28]} 27. Rxe3 {[%clk 0:08:59]} Qxf4 {[%clk 0:23:51]} 28. Rf3
{[%clk 0:09:25]} Qg5 {[%clk 0:23:35]} 29. Bb5 {[%clk 0:09:14]} Rd6
{[%clk 0:23:37]} 0-1

[Event "Chess Week in Przeworsk"]
[Site "Przeworsk"]
[Date "2022.06.05"]
[Round "7.4"]
[White "Fus, Jakub"]
[Black "Neugebauer, Martin"]
[Result "0-1"]
[BlackElo "2505"]
[WhiteElo "2378"]
[LiveChessVersion "1.4.8"]

1. d4 {[%clk 1:30:55]} Nf6 {[%clk 1:30:31]} 2. c4 {[%clk 1:31:08]} e6
{[%clk 1:30:30]} 3. Nf3 {[%clk 1:31:15]} d5 {[%clk 1:30:23]} 4. g3
{[%clk 1:30:04]} Be7 {[%clk 1:29:47]} 5. Bg2 {[%clk 1:30:15]} O-O
{[%clk 1:29:34]} 6. O-O {[%clk 1:30:37]} c6 {[%clk 1:29:07]} 7. Nc3
{[%clk 1:29:25]} a5 {[%clk 1:27:07]} 8. Ne5 {[%clk 1:12:13]} Nfd7
{[%clk 1:25:11]} 9. Nxd7 {[%clk 1:12:11]} Nxd7 {[%clk 1:24:04]} 10. b3
{[%clk 1:11:17]} b6 {[%clk 1:22:02]} 11. cxd5 {[%clk 1:06:48]} cxd5
{[%clk 1:20:40]} 12. Nb5 {[%clk 1:03:39]} Ba6 {[%clk 1:19:37]} 13. a4
{[%clk 1:04:00]} Nf6 {[%clk 1:17:03]} 14. Bf4 {[%clk 1:03:14]} Rc8
{[%clk 1:16:25]} 15. Rc1 {[%clk 0:52:34]} Qd7 {[%clk 1:13:32]} 16. Qd3
{[%clk 0:49:28]} Ba3 {[%clk 1:04:41]} 17. Ra1 {[%clk 0:44:32]} Bb4
{[%clk 1:04:13]} 18. Rfc1 {[%clk 0:44:53]} h6 {[%clk 0:57:48]} 19. f3
{[%clk 0:44:00]} Rfd8 {[%clk 0:57:24]} 20. Rxc8 {[%clk 0:40:30]} Rxc8
{[%clk 0:57:28]} 21. Rc1 {[%clk 0:40:55]} Rxc1+ {[%clk 0:54:58]} 22. Bxc1
{[%clk 0:41:19]} Ne8 {[%clk 0:55:24]} 23. Bf1 {[%clk 0:40:08]} Nd6
{[%clk 0:53:35]} 24. e3 {[%clk 0:40:32]} h5 {[%clk 0:52:39]} 25. Bb2
{[%clk 0:40:40]} h4 {[%clk 0:45:59]} 26. Kf2 {[%clk 0:34:27]} hxg3+
{[%clk 0:44:18]} 27. hxg3 {[%clk 0:34:52]} Bxb5 {[%clk 0:40:02]} 28. axb5
{[%clk 0:35:16]} Qc7 {[%clk 0:40:24]} 29. Qd1 {[%clk 0:17:44]} Nf5
{[%clk 0:34:08]} 30. f4 {[%clk 0:18:09]} Nd6 {[%clk 0:33:26]} 31. Bd3
{[%clk 0:18:33]} Qd7 {[%clk 0:32:11]} 32. Qe2 {[%clk 0:18:15]} f5
{[%clk 0:32:15]} 33. g4 {[%clk 0:15:50]} g6 {[%clk 0:26:51]} 34. g5
{[%clk 0:15:31]} Qh7 {[%clk 0:27:00]} 35. Kg2 {[%clk 0:13:11]} Qh4
{[%clk 0:26:48]} 36. Bc1 {[%clk 0:11:06]} Be1 {[%clk 0:19:49]} 37. Ba3
{[%clk 0:07:12]} Ne8 {[%clk 0:17:43]} 38. Qf3 {[%clk 0:06:10]} Kf7
{[%clk 0:14:38]} 39. Kf1 {[%clk 0:01:36]} Bd2 {[%clk 0:13:29]} 40. Qf2
{[%clk 0:30:39]} Qh1+ {[%clk 0:41:32]} 41. Ke2 {[%clk 0:31:05]} Qa1
{[%clk 0:37:21]} 42. Kxd2 {[%clk 0:18:08]} Qxa3 {[%clk 0:37:40]} 43. Qh4
{[%clk 0:15:12]} Qxb3 {[%clk 0:37:38]} 44. Qh7+ {[%clk 0:12:45]} Ng7
{[%clk 0:38:03]} 45. Qh8 {[%clk 0:12:59]} Qb2+ {[%clk 0:37:42]} 46. Kd1
{[%clk 0:13:05]} a4 {[%clk 0:37:57]} 47. Qc8 {[%clk 0:12:50]} a3 {[%clk 0:35:41]}
48. Qc2 {[%clk 0:13:05]} Qb4 {[%clk 0:34:21]} 49. Qa2 {[%clk 0:12:08]} Ne8
{[%clk 0:33:41]} 50. Kc2 {[%clk 0:12:16]} Nd6 {[%clk 0:33:49]} 51. Qb3
{[%clk 0:12:13]} Qa5 {[%clk 0:34:08]} 52. Kb1 {[%clk 0:10:29]} Ke7
{[%clk 0:30:25]} 53. Ka2 {[%clk 0:06:14]} Qd2+ {[%clk 0:30:48]} 54. Kb1
{[%clk 0:06:39]} a2+ {[%clk 0:30:18]} 55. Ka1 {[%clk 0:07:03]} Qxe3
{[%clk 0:29:31]} 56. Qc3 {[%clk 0:05:17]} Kd8 {[%clk 0:26:52]} 57. Kxa2
{[%clk 0:03:40]} Nxb5 {[%clk 0:27:02]} 58. Qb3 {[%clk 0:02:46]} Qd2+
{[%clk 0:27:21]} 59. Bc2 {[%clk 0:02:58]} Qa5+ {[%clk 0:27:35]} 60. Kb2
{[%clk 0:03:13]} Nxd4 {[%clk 0:27:59]} 0-1

[Event "Chess Week in Przeworsk"]
[Site "Przeworsk"]
[Date "2022.06.05"]
[Round "7.5"]
[White "Omelja, Artem"]
[Black "Mis, Mieszko"]
[Result "1/2-1/2"]
[BlackElo "2388"]
[WhiteElo "2515"]
[LiveChessVersion "1.4.8"]

1. d4 {[%clk 1:30:38]} Nf6 {[%clk 1:30:54]} 2. c4 {[%clk 1:30:58]} e6
{[%clk 1:31:17]} 3. Nf3 {[%clk 1:30:56]} d5 {[%clk 1:31:38]} 4. Nc3
{[%clk 1:30:35]} dxc4 {[%clk 1:31:58]} 5. e3 {[%clk 1:30:20]} a6 {[%clk 1:32:15]}
6. Bxc4 {[%clk 1:27:52]} b5 {[%clk 1:32:32]} 7. Bb3 {[%clk 1:28:14]} Bb7
{[%clk 1:32:55]} 8. O-O {[%clk 1:28:33]} c5 {[%clk 1:33:14]} 9. e4
{[%clk 1:28:13]} cxd4 {[%clk 1:33:33]} 10. Nxd4 {[%clk 1:28:34]} Nc6
{[%clk 1:33:56]} 11. Nxc6 {[%clk 1:28:24]} Qxd1 {[%clk 1:34:21]} 12. Rxd1
{[%clk 1:28:31]} Bxc6 {[%clk 1:34:47]} 13. f3 {[%clk 1:28:19]} Bc5+
{[%clk 1:35:13]} 14. Kf1 {[%clk 1:28:26]} Ke7 {[%clk 1:35:26]} 15. Ne2
{[%clk 1:21:21]} Rhc8 {[%clk 1:27:23]} 16. Bf4 {[%clk 1:03:04]} Nd7
{[%clk 1:21:11]} 17. Rac1 {[%clk 1:01:13]} Bb7 {[%clk 1:16:22]} 18. Bg5+
{[%clk 0:50:23]} Ke8 {[%clk 1:12:55]} 19. Nd4 {[%clk 0:45:39]} h6
{[%clk 0:49:52]} 20. Be3 {[%clk 0:41:38]} Bb6 {[%clk 0:43:12]} 21. Ke2
{[%clk 0:40:45]} Rxc1 {[%clk 0:41:26]} 22. Rxc1 {[%clk 0:41:07]} Rc8
{[%clk 0:40:40]} 23. Rxc8+ {[%clk 0:40:07]} Bxc8 {[%clk 0:41:07]} 24. a4
{[%clk 0:40:06]} bxa4 {[%clk 0:39:22]} 25. Bxa4 {[%clk 0:40:26]} Ke7
{[%clk 0:37:54]} 26. b4 {[%clk 0:38:41]} Bb7 {[%clk 0:29:42]} 27. Nc6+
{[%clk 0:34:56]} Kd6 {[%clk 0:25:36]} 28. Na5 {[%clk 0:34:54]} Bxa5
{[%clk 0:25:20]} 29. bxa5 {[%clk 0:35:16]} Bc6 {[%clk 0:25:43]} 30. Bd1
{[%clk 0:35:27]} Bb5+ {[%clk 0:25:48]} 1/2-1/2

[Event "Chess Week in Przeworsk"]
[Site "Przeworsk"]
[Date "2022.06.05"]
[Round "8.1"]
[White "Stefansson, Hannes"]
[Black "Mis, Mieszko"]
[Result "1-0"]
[BlackElo "2388"]
[WhiteElo "2534"]
[LiveChessVersion "1.4.8"]

1. e4 {[%clk 1:30:52]} c6 {[%clk 1:30:49]} 2. d4 {[%clk 1:31:04]} d5
{[%clk 1:31:14]} 3. e5 {[%clk 1:31:12]} Bf5 {[%clk 1:31:37]} 4. h4
{[%clk 1:31:14]} h5 {[%clk 1:26:03]} 5. Bd3 {[%clk 1:30:55]} Bxd3
{[%clk 1:26:28]} 6. Qxd3 {[%clk 1:31:13]} Qa5+ {[%clk 1:26:55]} 7. Nd2
{[%clk 1:31:20]} e6 {[%clk 1:26:50]} 8. Ngf3 {[%clk 1:31:19]} Ne7
{[%clk 1:26:21]} 9. O-O {[%clk 1:31:06]} Nf5 {[%clk 1:25:37]} 10. Nb3
{[%clk 1:30:39]} Qa6 {[%clk 1:23:13]} 11. Qd1 {[%clk 1:30:29]} Be7
{[%clk 1:22:14]} 12. g3 {[%clk 1:29:01]} Nd7 {[%clk 1:20:15]} 13. Bg5
{[%clk 1:27:15]} Bxg5 {[%clk 1:13:40]} 14. Nxg5 {[%clk 1:27:34]} Rc8
{[%clk 1:13:55]} 15. Re1 {[%clk 1:21:44]} Qb6 {[%clk 1:08:37]} 16. Rc1
{[%clk 1:14:47]} g6 {[%clk 1:04:03]} 17. c4 {[%clk 1:13:02]} dxc4
{[%clk 0:46:40]} 18. Rxc4 {[%clk 1:12:57]} O-O {[%clk 0:43:07]} 19. Ne4
{[%clk 1:08:53]} Qd8 {[%clk 0:38:27]} 20. Ra4 {[%clk 1:03:07]} Ra8
{[%clk 0:34:28]} 21. Nbc5 {[%clk 1:00:05]} Nb6 {[%clk 0:32:45]} 22. Rb4
{[%clk 0:50:37]} Qe7 {[%clk 0:32:01]} 23. Nf6+ {[%clk 0:46:27]} Kg7
{[%clk 0:30:16]} 24. Qc1 {[%clk 0:44:11]} Rab8 {[%clk 0:27:03]} 25. Rd1
{[%clk 0:37:39]} Nd5 {[%clk 0:20:37]} 26. Ra4 {[%clk 0:37:51]} Rfd8
{[%clk 0:15:27]} 27. Nce4 {[%clk 0:36:33]} a6 {[%clk 0:08:57]} 28. a3
{[%clk 0:33:09]} Qf8 {[%clk 0:04:42]} 29. Rc4 {[%clk 0:30:47]} Nxf6
{[%clk 0:04:21]} 30. Nxf6 {[%clk 0:30:25]} b5 {[%clk 0:01:05]} 31. Rxc6
{[%clk 0:23:58]} Nxd4 {[%clk 0:01:33]} 32. Rxd4 {[%clk 0:24:13]} Rxd4
{[%clk 0:02:02]} 33. Qg5 {[%clk 0:24:20]} Qh8 {[%clk 0:00:54]} 34. Rc7
{[%clk 0:24:23]} Rf8 {[%clk 0:00:43]} 35. Nd7 {[%clk 0:24:23]} Re8
{[%clk 0:00:37]} 36. Qf6+ {[%clk 0:23:46]} Kg8 {[%clk 0:01:02]} 37. Qf3
{[%clk 0:23:55]} Kg7 {[%clk 0:00:33]} 38. Ra7 {[%clk 0:22:01]} Qh6
{[%clk 0:00:32]} 39. Nc5 {[%clk 0:21:15]} Qc1+ {[%clk 0:00:34]} 40. Kg2
{[%clk 0:51:33]} 1-0

[Event "Chess Week in Przeworsk"]
[Site "Przeworsk"]
[Date "2022.06.05"]
[Round "8.2"]
[White "Neugebauer, Martin"]
[Black "Omelja, Artem"]
[Result "1-0"]
[BlackElo "2515"]
[WhiteElo "2505"]
[LiveChessVersion "1.4.8"]

1. e4 {[%clk 1:30:43]} e5 {[%clk 1:30:43]} 2. Nf3 {[%clk 1:30:57]} Nc6
{[%clk 1:31:06]} 3. Bb5 {[%clk 1:30:40]} Nf6 {[%clk 1:31:29]} 4. d3
{[%clk 1:30:19]} Bc5 {[%clk 1:31:49]} 5. c3 {[%clk 1:30:02]} O-O {[%clk 1:31:57]}
6. O-O {[%clk 1:30:13]} d6 {[%clk 1:31:58]} 7. Nbd2 {[%clk 1:29:04]} a6
{[%clk 1:32:07]} 8. Ba4 {[%clk 1:29:03]} b5 {[%clk 1:32:02]} 9. Bc2
{[%clk 1:29:02]} a5 {[%clk 1:30:21]} 10. a4 {[%clk 1:26:23]} b4 {[%clk 1:30:43]}
11. Re1 {[%clk 1:14:32]} h6 {[%clk 1:19:12]} 12. Nf1 {[%clk 1:05:18]} bxc3
{[%clk 1:18:53]} 13. bxc3 {[%clk 1:05:43]} Bb6 {[%clk 1:18:36]} 14. Ng3
{[%clk 0:59:31]} Ne7 {[%clk 1:18:31]} 15. d4 {[%clk 0:55:58]} Ng6
{[%clk 1:18:43]} 16. Nf5 {[%clk 0:52:54]} Kh7 {[%clk 1:13:16]} 17. Bd2
{[%clk 0:46:43]} Qe8 {[%clk 1:08:31]} 18. Qc1 {[%clk 0:43:33]} Ng8
{[%clk 1:08:51]} 19. Rb1 {[%clk 0:38:12]} Rb8 {[%clk 1:07:22]} 20. Ne3
{[%clk 0:36:12]} f6 {[%clk 0:59:45]} 21. h3 {[%clk 0:35:04]} N8e7
{[%clk 0:58:46]} 22. Nc4 {[%clk 0:34:15]} Ba6 {[%clk 0:57:45]} 23. Nxb6
{[%clk 0:29:16]} cxb6 {[%clk 0:57:57]} 24. Qa3 {[%clk 0:29:15]} Qc6
{[%clk 0:57:48]} 25. h4 {[%clk 0:22:41]} Qc7 {[%clk 0:54:34]} 26. Bb3
{[%clk 0:19:32]} Nc6 {[%clk 0:40:59]} 27. Be6 {[%clk 0:14:24]} Nge7
{[%clk 0:38:51]} 28. Rb2 {[%clk 0:13:46]} Bc8 {[%clk 0:36:29]} 29. Qa2
{[%clk 0:13:50]} f5 {[%clk 0:33:23]} 30. dxe5 {[%clk 0:12:40]} dxe5
{[%clk 0:31:46]} 31. exf5 {[%clk 0:12:47]} Nxf5 {[%clk 0:31:40]} 32. Bxc8
{[%clk 0:12:56]} Qxc8 {[%clk 0:24:36]} 33. Qb1 {[%clk 0:12:53]} Qe6
{[%clk 0:24:23]} 34. h5 {[%clk 0:08:30]} Kh8 {[%clk 0:22:11]} 35. Bf4
{[%clk 0:03:20]} Qf7 {[%clk 0:21:44]} 36. Nxe5 {[%clk 0:02:29]} Nxe5
{[%clk 0:22:08]} 37. Bxe5 {[%clk 0:02:47]} Rbe8 {[%clk 0:22:17]} 38. Rxb6
{[%clk 0:02:22]} Qxh5 {[%clk 0:22:40]} 39. Rb5 {[%clk 0:01:59]} Qg4
{[%clk 0:22:56]} 40. Qe4 {[%clk 0:31:21]} Qg5 {[%clk 0:52:45]} 41. Rxa5
{[%clk 0:25:31]} Nh4 {[%clk 0:52:50]} 42. Re3 {[%clk 0:25:35]} 1-0

[Event "Chess Week in Przeworsk"]
[Site "Przeworsk"]
[Date "2022.06.05"]
[Round "8.4"]
[White "Licznerski, Lukasz"]
[Black "Teclaf, Pawel"]
[Result "1/2-1/2"]
[BlackElo "2537"]
[WhiteElo "2439"]
[LiveChessVersion "1.4.8"]

1. e4 {[%clk 1:25:29]} e5 {[%clk 1:30:57]} 2. Nf3 {[%clk 1:25:52]} Nc6
{[%clk 1:31:23]} 3. Bb5 {[%clk 1:25:58]} a6 {[%clk 1:31:49]} 4. Ba4
{[%clk 1:26:25]} Nf6 {[%clk 1:32:16]} 5. O-O {[%clk 1:26:38]} Nxe4
{[%clk 1:32:40]} 6. d4 {[%clk 1:24:51]} b5 {[%clk 1:33:02]} 7. Bb3
{[%clk 1:24:53]} d5 {[%clk 1:33:28]} 8. dxe5 {[%clk 1:25:09]} Be6
{[%clk 1:33:54]} 9. c3 {[%clk 1:24:59]} Bc5 {[%clk 1:31:13]} 10. Nbd2
{[%clk 1:24:51]} O-O {[%clk 1:31:35]} 11. Bc2 {[%clk 1:24:48]} Nxf2
{[%clk 1:32:02]} 12. Rxf2 {[%clk 1:25:09]} Bxf2+ {[%clk 1:32:29]} 13. Kxf2
{[%clk 1:25:31]} f6 {[%clk 1:32:56]} 14. exf6 {[%clk 1:18:00]} Qxf6
{[%clk 1:33:08]} 15. Nf1 {[%clk 1:11:53]} Ne5 {[%clk 1:31:26]} 16. Be3
{[%clk 1:08:51]} Rae8 {[%clk 1:11:35]} 17. Bd4 {[%clk 0:56:58]} Qh4+
{[%clk 1:00:44]} 18. Kg1 {[%clk 0:53:26]} Nxf3+ {[%clk 1:00:32]} 19. gxf3
{[%clk 0:53:54]} Bf5 {[%clk 1:00:41]} 20. Bxf5 {[%clk 0:44:40]} Rxf5
{[%clk 1:00:51]} 21. Ng3 {[%clk 0:44:29]} Rf7 {[%clk 0:59:41]} 22. Qd3
{[%clk 0:41:24]} Qh3 {[%clk 0:53:40]} 23. Qf1 {[%clk 0:35:02]} Qd7
{[%clk 0:51:15]} 24. Rd1 {[%clk 0:31:30]} Qd6 {[%clk 0:42:20]} 25. b4
{[%clk 0:31:10]} Qf4 {[%clk 0:41:50]} 26. Kg2 {[%clk 0:29:35]} c6
{[%clk 0:41:28]} 27. Qd3 {[%clk 0:28:50]} Re6 {[%clk 0:33:30]} 28. Rd2
{[%clk 0:28:37]} Rfe7 {[%clk 0:26:58]} 29. Re2 {[%clk 0:25:49]} Qg5
{[%clk 0:23:09]} 30. Rxe6 {[%clk 0:23:30]} Rxe6 {[%clk 0:23:34]} 31. Bf2
{[%clk 0:23:21]} h5 {[%clk 0:17:33]} 32. h4 {[%clk 0:15:16]} Qxh4
{[%clk 0:17:38]} 33. Qf5 {[%clk 0:15:31]} Rf6 {[%clk 0:09:26]} 34. Qxh5
{[%clk 0:15:38]} Qc4 {[%clk 0:09:45]} 35. Nf5 {[%clk 0:08:45]} Qd3
{[%clk 0:08:20]} 36. Qe8+ {[%clk 0:07:25]} Kh7 {[%clk 0:08:43]} 37. Qh5+
{[%clk 0:07:52]} Kg8 {[%clk 0:08:55]} 38. Ne7+ {[%clk 0:06:08]} Kf8
{[%clk 0:09:18]} 39. Bc5 {[%clk 0:06:13]} Qe2+ {[%clk 0:08:49]} 40. Kg3
{[%clk 0:36:30]} Qe1+ {[%clk 0:39:01]} 41. Kg4 {[%clk 0:18:53]} Qe6+
{[%clk 0:37:46]} 42. Kh4 {[%clk 0:19:05]} Qe1+ {[%clk 0:35:27]} 43. Kg4
{[%clk 0:19:22]} Qe6+ {[%clk 0:35:52]} 1/2-1/2

[Event "Chess Week in Przeworsk"]
[Site "Przeworsk"]
[Date "2022.06.05"]
[Round "8.5"]
[White "Baum, Jonasz"]
[Black "Mikrut, Dariusz"]
[Result "1-0"]
[BlackElo "2361"]
[WhiteElo "2409"]
[LiveChessVersion "1.4.8"]

1. d4 {[%clk 1:30:55]} Nf6 {[%clk 1:30:52]} 2. c4 {[%clk 1:31:10]} g6
{[%clk 1:31:15]} 3. Nc3 {[%clk 1:31:09]} Bg7 {[%clk 1:31:39]} 4. e4
{[%clk 1:31:33]} d6 {[%clk 1:32:04]} 5. f3 {[%clk 1:31:51]} O-O {[%clk 1:32:19]}
6. Nge2 {[%clk 1:31:57]} c5 {[%clk 1:32:41]} 7. d5 {[%clk 1:31:29]} e6
{[%clk 1:32:37]} 8. Ng3 {[%clk 1:31:46]} h5 {[%clk 1:32:40]} 9. Bg5
{[%clk 1:29:57]} exd5 {[%clk 1:32:27]} 10. cxd5 {[%clk 1:29:32]} a6
{[%clk 1:29:50]} 11. a4 {[%clk 1:29:10]} Qb6 {[%clk 1:27:26]} 12. Qd2
{[%clk 1:28:23]} Nh7 {[%clk 1:27:30]} 13. a5 {[%clk 1:24:40]} Qc7
{[%clk 1:27:04]} 14. Bh4 {[%clk 1:24:40]} f6 {[%clk 1:21:23]} 15. e5
{[%clk 1:05:41]} fxe5 {[%clk 1:11:23]} 16. Nge4 {[%clk 1:04:26]} Rf4
{[%clk 1:10:28]} 17. Bg3 {[%clk 0:58:13]} Rf7 {[%clk 1:10:40]} 18. Na4
{[%clk 0:50:27]} Nd7 {[%clk 0:57:43]} 19. b4 {[%clk 0:47:15]} Nhf6
{[%clk 0:43:55]} 20. Bd3 {[%clk 0:35:48]} cxb4 {[%clk 0:42:49]} 21. O-O
{[%clk 0:25:59]} Nxe4 {[%clk 0:28:08]} 22. Bxe4 {[%clk 0:26:27]} Nf8
{[%clk 0:28:26]} 23. Nb6 {[%clk 0:24:01]} Rb8 {[%clk 0:28:41]} 24. Rac1
{[%clk 0:10:44]} Qd8 {[%clk 0:29:03]} 25. Qxb4 {[%clk 0:10:43]} Bf5
{[%clk 0:19:02]} 26. Nc4 {[%clk 0:10:02]} Rd7 {[%clk 0:17:01]} 27. Nb6
{[%clk 0:10:07]} Rc7 {[%clk 0:16:54]} 28. Bh4 {[%clk 0:09:10]} Qxh4
{[%clk 0:15:45]} 29. Rxc7 {[%clk 0:09:39]} Bh6 {[%clk 0:16:05]} 30. Qe1
{[%clk 0:05:36]} Qd8 {[%clk 0:16:06]} 31. Rc2 {[%clk 0:04:45]} Bf4
{[%clk 0:14:51]} 32. Bxf5 {[%clk 0:03:51]} gxf5 {[%clk 0:15:15]} 33. g3
{[%clk 0:04:00]} Bh6 {[%clk 0:15:14]} 34. f4 {[%clk 0:03:18]} e4 {[%clk 0:15:32]}
35. Qc3 {[%clk 0:03:23]} Bg7 {[%clk 0:14:12]} 36. Qc7 {[%clk 0:01:38]} Bd4+
{[%clk 0:13:59]} 37. Kh1 {[%clk 0:01:10]} Qe8 {[%clk 0:13:47]} 38. Qc4
{[%clk 0:00:34]} Bc5 {[%clk 0:13:36]} 39. Na4 {[%clk 0:00:46]} Nd7
{[%clk 0:13:10]} 40. Rb1 {[%clk 0:30:35]} Qd8 {[%clk 0:39:33]} 41. Qc3
{[%clk 0:29:19]} Kf7 {[%clk 0:37:20]} 42. Rcb2 {[%clk 0:26:08]} Qc7
{[%clk 0:36:27]} 43. Rb3 {[%clk 0:24:56]} Kg6 {[%clk 0:36:42]} 44. Kg2
{[%clk 0:22:50]} Kf7 {[%clk 0:36:52]} 45. h3 {[%clk 0:17:21]} Kg6
{[%clk 0:35:54]} 46. g4 {[%clk 0:11:30]} hxg4 {[%clk 0:34:41]} 47. hxg4
{[%clk 0:11:57]} fxg4 {[%clk 0:35:05]} 48. f5+ {[%clk 0:10:46]} Kf7
{[%clk 0:33:13]} 49. Rh1 {[%clk 0:10:54]} Rf8 {[%clk 0:30:02]} 50. Rh7+
{[%clk 0:06:56]} Ke8 {[%clk 0:30:21]} 51. Qg7 {[%clk 0:06:34]} Kd8
{[%clk 0:30:40]} 52. Rh8 {[%clk 0:04:44]} Rxh8 {[%clk 0:29:33]} 53. Qxh8+
{[%clk 0:05:10]} Ke7 {[%clk 0:29:58]} 54. f6+ {[%clk 0:05:31]} 1-0

[Event "Chess Week in Przeworsk"]
[Site "Przeworsk"]
[Date "2022.06.05"]
[Round "9.1"]
[White "Mikrut, Dariusz"]
[Black "Stefansson, Hannes"]
[Result "0-1"]
[BlackElo "2534"]
[WhiteElo "2361"]
[LiveChessVersion "1.4.8"]

1. e4 {[%clk 1:30:47]} c5 {[%clk 1:30:46]} 2. Nf3 {[%clk 1:30:57]} Nc6
{[%clk 1:30:57]} 3. Bb5 {[%clk 1:31:20]} e6 {[%clk 1:30:21]} 4. O-O
{[%clk 1:31:17]} Nge7 {[%clk 1:30:35]} 5. c3 {[%clk 1:29:05]} d5 {[%clk 1:28:11]}
6. exd5 {[%clk 1:21:47]} Qxd5 {[%clk 1:28:32]} 7. d4 {[%clk 1:18:46]} cxd4
{[%clk 1:27:56]} 8. Nxd4 {[%clk 1:16:47]} Bd7 {[%clk 1:28:03]} 9. Be3
{[%clk 1:13:57]} Nxd4 {[%clk 1:27:19]} 10. Bxd7+ {[%clk 1:13:20]} Qxd7
{[%clk 1:26:43]} 11. Qxd4 {[%clk 1:13:00]} Qxd4 {[%clk 1:26:48]} 12. Bxd4
{[%clk 1:13:18]} Nf5 {[%clk 1:26:47]} 13. Be3 {[%clk 1:08:51]} Nxe3
{[%clk 1:25:29]} 14. fxe3 {[%clk 1:09:17]} Rd8 {[%clk 1:22:11]} 15. Kf2
{[%clk 1:09:22]} Rd5 {[%clk 1:22:26]} 16. Ke2 {[%clk 1:07:47]} Bd6
{[%clk 1:22:33]} 17. h3 {[%clk 1:07:03]} Rb5 {[%clk 1:22:21]} 18. b3
{[%clk 0:59:27]} Rg5 {[%clk 1:22:21]} 19. Rf2 {[%clk 0:58:28]} Bg3
{[%clk 1:22:01]} 20. Rf3 {[%clk 0:57:12]} Be5 {[%clk 1:22:21]} 21. Rf2
{[%clk 0:56:35]} Ke7 {[%clk 1:21:13]} 22. a4 {[%clk 0:52:06]} Bg3
{[%clk 1:15:11]} 23. Rf3 {[%clk 0:48:42]} Rc8 {[%clk 1:15:22]} 24. Kd3
{[%clk 0:35:42]} Be1 {[%clk 1:12:06]} 25. g4 {[%clk 0:29:48]} h5 {[%clk 1:09:36]}
26. Rf4 {[%clk 0:29:07]} hxg4 {[%clk 1:09:20]} 27. hxg4 {[%clk 0:29:34]} Rd5+
{[%clk 1:04:52]} 28. Rd4 {[%clk 0:28:08]} Rdc5 {[%clk 1:01:56]} 29. c4
{[%clk 0:27:11]} e5 {[%clk 1:02:01]} 30. Re4 {[%clk 0:26:36]} Rd8+
{[%clk 0:57:38]} 31. Ke2 {[%clk 0:26:34]} Bb4 {[%clk 0:57:43]} 32. Ra2
{[%clk 0:24:08]} Kf6 {[%clk 0:53:48]} 33. Rc2 {[%clk 0:20:49]} a5
{[%clk 0:47:46]} 34. Rc1 {[%clk 0:19:50]} Kg5 {[%clk 0:44:21]} 35. Rf1
{[%clk 0:14:41]} f6 {[%clk 0:43:38]} 36. Rf5+ {[%clk 0:14:39]} Kg6
{[%clk 0:44:02]} 37. Rh5 {[%clk 0:10:33]} Rcc8 {[%clk 0:38:02]} 0-1